Word Ladder: Thin Lizzy Hit Quiz Stats

 Plays Quiz Updated Jul 24, 2018

Challenge
Share
Tweet
Embed
Score 0/14 Timer 02:00
5 Plays Today
Hint Word % Correct
Person you report to at workBOSS
98.8%
Swamp growthMOSS
97.2%
Tree coveringBARK
95.8%
What a kilogram representsMASS
94%
Feature of a raccoon or a goalieMASK
93.1%
Notify of potential dangerWARN
91.9%
1976 Thin Lizzy hit: The ____ Are ____ In ____BACK
91.6%
Hint Word % Correct
Like hand-me-downsWORN
90.2%
Major truck manufacturerMACK
89.2%
1976 Thin Lizzy hit: The ____ Are ____ In ____BOYS
89.2%
1976 Thin Lizzy hit: The ____ Are ____ In ____TOWN
88.8%
Having a hard time decidingTORN
88.4%
Type of turkey meatDARK
86.6%
Stitch up, or a shout of frustrationDARN
84.1%

Today's Daily Dose

Missing Word
'F' Pairs

Word Ladder
Mixed Synonyms

On This Day
August 15th II

You're not logged in!

Compare scores with friends on all Sporcle quizzes.
Join for Free
OR
Log In

You Might Also Like...

Show Comments

Extras

Top Quizzes Today


Score Distribution

Your Account Isn't Verified!

In order to create a playlist on Sporcle, you need to verify the email address you used during registration. Go to your Sporcle Settings to finish the process.

Report this User

Report this user for behavior that violates our Community Guidelines.

Details: